00626nam a2200169Ia 4500003000900000008004100009020002200050040001600072080002100088100001800109245012100127260005100248300001000299650004100309650006700350650003900417IN-BaIIA211028s9999 xx 000 0 eng d a978-1-919713-75-5 cIIA Library a968.04(092)bWAR aWarner, Brian 0aCape landscapesbSir John Herschel's Sketches 1834-1838cBrian Warner  aCape TownbUniversity of Cape Town Pressc2006 a179p. aFeldhausen (Cape Town, South Africa) aHerschel, John F. W. -- (John Frederick William), -- 1792-1871 aLandscape painting -- 19th century